| 000 | 00900cam a22001934a 4500 | ||
|---|---|---|---|
| 005 | 20250605164029.0 | ||
| 008 | 250528s ||||||||||||||||||||||||d | ||
| 035 | _a16562 | ||
| 040 |
_aGR-AtMCL _bgre _dGR-AtMCL _eAACR2 |
||
| 245 | 1 | _aWiring the World / The Explosion in Communications | |
| 260 | _c1971 | ||
| 300 | _a208 | ||
| 520 | _aThis study charts the way to a new, exciting, and unexplored area. Illustrations, Acknowledgements, Preface, The Dream Machine, Why Tired Television?, The Battle for Control of Cable, The Growth of Satellite Technology, The Future of of Satellite Technology, Pay TV: The Persistent Dream, Videocassettes: Television's LPs, The Picture Telephone, As Seen From the White House, The Issues at Stake, Appendix, Glossary, Index. | ||
| 700 | 1 |
_aNewman. Joseph _92656 |
|
| 942 | _cBK | ||
| 710 | 2 |
_aU.S. News & World Report _99737 |
|
| 999 |
_c2054 _d2054 |
||